000 01220nam a2200325 a 4500
001 000113881
003 CHAP
005 20220329144417.0
008 17100422017 mx sm |||||||spa d
010 _a110342
011 _a111314
040 _cCHAP
090 _aTesis
100 1 _aNavarrete González, Manuel
_9129342
245 1 0 _aSustentabilidad en la reserva de la biosfera Ría Lagartos, Yucatán, México
_h[En línea]
_cpor Manuel Navarrete González.
260 _aChapingo, Méx. :
_bEl autor,
_c2017.
500 _aPara ver el contenido del material haga clic en la liga
502 _aTesis (M.C. en Ciencias Forestales) -- UACH. División de Ciencias Forestales
590 _aE11695DGD
_b10
_c20171004
_lUCH01
_h1306
590 _aE6339RRR
_b05
_c20171004
_lUCH01
_h0918
590 _aE6339RRR
_b05
_c20171004
_lUCH01
_h0919
590 _aE6339RRR
_b05
_c20171004
_lUCH01
_h0920
650 1 4 _aBiodiversidad
_xAspectos socioeconómicos.
_9133613
650 1 4 _aConservación de los recursos naturales
_xPlaneación.
_9131026
650 1 4 _aManglares
_xConservación.
_9131369
856 _aFinding aid
_uhttp://10.13.5.2/tesis/sist113881.pdf
_zTeclea aquí
901 _aBK
942 _cTESIS
942 _n0
999 _c110342
_d110342